000 00471nam a2200133Ia 4500
008 160105s9999 xx 000 0 und d
041 _acze
100 _aMELEG, J. / PROCHAZKA, B.
245 _aAnalysis of the spring barley threshing by means of a single cutter bar threshing mechanism£D BRozbor mlatenia jarneho jacmena jednolistovym mlatacim mechanizmom
260 _c1990
654 _xGRAMINEAE
773 _tActa Technologica Agriculturae (CZ)
942 _c02
_2udc
999 _c8773
_d36771